Представление документа в формате RUSMARC

ПолеНазваниеЗначение
  Тип записи a
  Библиографический уровень a
001 Контрольный номер RU/CBS_UL/BASE/59269f7a97344d698635f604182821b7
005 Дата корректировки 20260416155805.4
100 Данные общей обработки __
a Данные общей обработки 20260416 ||| 0rusy0189 ca
101 Язык документа 0_
a Язык текста rus
102 Страна публикации __
a Страна публикации RU
200 Заглавие и сведения об ответственности 1_
a Заглавие Малахитовый дар
e Сведения, относящиеся к заглавию [о крыжовнике]
f Первые сведения об ответственности А.П. Васильев
300 Общие примечания __
a Общие примечания 12+
461 Уровень набора _0
1 2000
a Моя прекрасная дача
463 Уровень физической единицы _0
1 2000
a № 6
v С. 6-7 : фот.
1 2101
d 2026
1 001RU/CBS_UL/BASE/4dc8f994481e4e5f9529f3121b2bcc4c
606 Тематические рубрики 0_
a Основная рубрика Крыжовник - Культура на приусадебных участках
610 Ключевые слова 0_
a Ключевые слова крыжовник
610 Ключевые слова 0_
a Ключевые слова сорта крыжовника
610 Ключевые слова 0_
a Ключевые слова уход за крыжовником
610 Ключевые слова 0_
a Ключевые слова ягодные растения
686 Индексы других классификаций __
2 Код системы rubbk
a Классификационный индекс 42.358
700 Автор _1
a Фамилия Васильев
b Имя (инициалы) А.П.
801 Источник записи _0
a Страна RU
b Организация МБУК ЦБС г. Ульяновска
c Дата составления 20260416
g Правила каталогизации RCR
801 Источник записи _1
a Страна RU
b Организация МБУК ЦБС г. Ульяновска
c Дата составления 20260416
g Правила каталогизации RCR
901 Тип документа __
t Тип документа b
w Контрольный № источника RU/CBS_UL/BASE/4dc8f994481e4e5f9529f3121b2bcc4c
909 Создатель записи __
a Создатель записи lib1